Kluby piłkarskie Tadżykistanu - nagła śmierć (2 życia) - Statystyki

Ogólne statystyki
  • Ten quiz został rozwiązany 8 razy
  • Średni wynik to 4 z 12
Answers on the Grid
Answers color-coded by a green-red scale on the quiz's grid according to % correct below.
Alaszkert Erywań
Hulbuk Wose
KF Arsimi
Vakhsh Bokhtar
Minjor Pernik
Regar-TadAZ
Ravshan Kulob
Mashʼal Muborak
FC Panjshir
FK Khujand
Ahal FK
FK Eskhata
FC Abdysh-Ata
CSKA Pamir Dushanbe
FK Istaravshan
Zob Ahan Isfahan
Khosilot Farkhor
Istiklol Duszanbe
FK Mornar Bar
Barkchi Hisor
 
Statystyki odpowiedzi
Odpowiedź % Poprawnych
CSKA Pamir Dushanbe
75%
Istiklol Duszanbe
75%
FK Istaravshan
38%
Vakhsh Bokhtar
38%
FC Panjshir
25%
FK Khujand
25%
Khosilot Farkhor
25%
Regar-TadAZ
25%
Barkchi Hisor
13%
FK Eskhata
13%
Hulbuk Wose
13%
Ravshan Kulob
13%
Nie znaleziono quizów pasujących do podanych kryteriów
Rozkład punktacji
Procent ludzi z każdym wynikiem
Percentyl według liczby udzielonych odpowiedzi
Twoja historia wyników
Nie rozwiązałeś tego quizu